Pays ayant été colonisés par l'Espagne - Statistiques

Statistiques générales
  • Ce quiz a été pris 225 fois
    116 depuis la dernière actualisation
  • Le résultat moyen est 26 sur 39
Réponses sur la Carte
Les réponses sont colorées sur une échelle allant du rouge au vert en fonction du pourcentage des utilisateurs qui les ont devinées à leur premier essai. Vous pouvez retrouver ces pourcentages ci-dessous.
 
Statistiques - réponses
Réponse % Correct
Argentine
97%
Mexique
97%
Colombie
96%
Bolivie
95%
Chili
93%
Uruguay
93%
Vénézuela
93%
Pérou
92%
Cuba
89%
Paraguay
89%
Équateur
88%
Panama
87%
États-Unis
82%
Costa Rica
80%
Honduras
80%
Espagne
79%
Guatemala
79%
Maroc
78%
Portugal
75%
Salvador
75%
Brésil
74%
Nicaragua
74%
France
72%
République dominicaine
70%
Guyana
68%
Italie
68%
Belize
61%
Algérie
59%
Haïti
55%
Guinée équatoriale
46%
Jamaïque
46%
Philippines
45%
Belgique
42%
Pays-Bas
39%
Trinité-et-Tobago
26%
Luxembourg
20%
Palaos
8%
Micronésie
7%
Cameroun
4%
Aucun quiz correspondant
Distribution des résultats
% des personnes avec chaque résultat
Percentile par nombre de réponses
Votre historique - résultats
Vous n’avez pas pris ce quiz depuis la dernière actualisation